Informe final I experiencia educativa proyecto IMAC (interpretación del medio ambiente a través de la creatividad) /
Guardado en:
| Autores Corporativos: | , |
|---|---|
| Format: | Texto |
| Udgivet: |
San José :
|
| Fag: | |
| Tags: |
Tilføj Tag
Ingen Tags, Vær først til at tagge denne postø!
|
MARC
| LEADER | 00000 a a2200000 04500 | ||
|---|---|---|---|
| 001 | 13905 | ||
| 003 | |||
| 040 | |||
| 090 | |a 024300 | ||
| 110 | |a Centro Internacional de Formación en Ciencias Ambientales | ||
| 245 | |a Informe final I experiencia educativa proyecto IMAC (interpretación del medio ambiente a través de la creatividad) / |c Centro Internacional de Formación en Ciencias Ambientales | ||
| 260 | |a San José : | ||
| 300 | |a 10 p | ||
| 650 | |a SEMINARIOS | ||
| 650 | |a EDUCACION | ||
| 650 | |a ENSEÑANZA SUPERIOR | ||
| 650 | |a MEDIO AMBIENTE | ||
| 650 | |a METODOLOGIA | ||
| 650 | |a INVESTIGACION EDUCATIVA | ||
| 650 | |a ADQUISICION DE CONOCIMIENTOS | ||
| 710 | |a Universidad Estatal a Distancia. Programa de Educación Ambiental | ||
| 999 | |c 13069 |d 13069 | ||
